عرض عادي عرض مارك
  • المكتبات الجامعية

مدخل مصطلح موضوعي

عدد التسجيلات المستخدمة في: 4

001 - رقم الضبط

  • حقل الضبط: 14730

003 - معرف رقم الضبط

  • حقل الضبط: OSt

005 - تاريخ ووقت أخر عملية

  • حقل الضبط: 20120523102406.0

008 - عناصر بيانات ثابتة الطول

  • حقل تحكم ثابت الطول: 120523|||a|||||| | ||| d

040 ## - مصدر الفهرسة

  • هيئة الفهرسة الأصلية: OSt
  • وكالة الكتابة: OSt

150 ## - مدخل-- مصطلح تاريخي

  • عنصر مدخل المصطلح الموضوعي او الاسم الجغرافي: المكتبات الجامعية
  • تفريع عام: إدارة

670 ## - بيانات المصدر موجوده

  • الاستشهاد بالمصدر: Work cat.: (OSt): إبراهيم، السعيد مبروك 14727, إدارة المكتبات الجامعية في ضوء اتجاهات الإدارة المعاصرة : , 2012